00753naa a2200229 a 450000100080000000500110000800800410001910000180006024501520007826000090023065300240023965300260026365300280028965300210031765300110033870000180034970000170036770000200038470000230040470000170042777300790044410557452007-10-10 2007 bl uuuu u00u1 u #d1 aFREIRE, E. S. aInfectividade de juvenis do segundo estadio de Meloidogyne incognita em tomateiro apos privacao alimentar em solo de agua em diferentes condicoes. c2007 aNematoide de galhas aParasitismo radicular aReproducao de nematoide aTeor de lipidios aTomate1 aCAMPOS, V. P.1 aDUTRA, M. R.1 aROCHA, F. da S.1 aSILVA, J. R. C. da1 aPOZZA, E. A. tSumma Phytopathologica, Botucatugv. 33, n. 3, p. 270-274, jul./set. 2007.